| 000 | 00503nam a2200193Ia 4500 | ||
|---|---|---|---|
| 005 | 20230817103408.0 | ||
| 008 | 131103s9999 xx 000 0 und d | ||
| 020 | _a7683170 | ||
| 040 | _aLoreto College | ||
| 041 | _aEnglish | ||
| 082 |
_aF _bGRE |
||
| 100 | _aGregory,Philippa | ||
| 245 | 4 |
_aThe Little House and Zelda's C ut _cPhilippa Gregory |
|
| 260 |
_aLondon _bGrafton/HarperCollins Publishers _c2003 |
||
| 300 | _a422 p. | ||
| 650 | _aFiction in English | ||
| 850 | _aLCLIB | ||
| 942 | _cBK | ||
| 999 |
_c15246 _d65725 |
||